| 000 | 01016cad a22002055a 4500 | ||
|---|---|---|---|
| 001 | E154054 | ||
| 008 | 111010s2011 xxk f s000 0 eng d | ||
| 035 | _a(Sirsi) u154054 | ||
| 041 | 0 | _aeng | |
| 110 | 2 |
_aScotland _bScottish Government _95344 |
|
| 245 | 0 | 0 |
_aConsultation on the implementation of Directive 2010/31/EU on the energy performance of buildings (EPBD recast) _h[electronic resource] |
| 260 |
_aEdinburgh _bScottish Government _c2011 |
||
| 520 | _aSeeks views on proposals to implement Directive 2010/31/EU, which revises Directive 2002/91/EC on the Energy Performance of Buildings Directive. Deadline for comments is 20 January 2012. | ||
| 590 | _aKA | ||
| 650 | 2 | 4 | _aDIRECTIVE 2010/31/EU |
| 651 | 4 |
_aScotland _y1999- |
|
| 690 | _aENVIRONMENTAL AND LAND CONSULTANCY-ENERGY-ENERGY USE-ENERGY EFFICIENCY | ||
| 856 | 4 | 0 |
_uhttps://www.scotland.gov.uk/Topics/Built-Environment/Building/Building-standards/publications/pubconsult _zView the consultation free of charge at www.scotland.gov.uk |
| 942 | _n0 | ||
| 999 |
_c112823 _d112823 |
||